| 000 | 00890cam a22002291i 4500 | ||
|---|---|---|---|
| 003 | SA-RiAUC | ||
| 005 | 20241020141037.0 | ||
| 008 | 241020s1984 ba g 00000 ara c | ||
| 040 |
_aSA-RiAUC _bara _cSA-RiAUC _erda |
||
| 082 | 0 | 4 |
_a216 _qSA-RiAUC |
| 090 |
_a216 _bم ر ي |
||
| 100 | 1 |
_aالمريخي، راشد بن إبراهيم _eمؤلف. |
|
| 245 | 1 | 0 |
_aإعلام النبيل بما في شرح الجزائري من التلبيس والتضليل / _cتأليف راشد بن إبراهيم المريخي. |
| 264 | 1 |
_aالمنامة : _b[الناشر غير محدد]، _c1984 |
|
| 300 |
_a91 صفحة ؛ _c24 سم |
||
| 336 |
_aنص _btxt _2rdacontent _3كتاب |
||
| 337 |
_aبدون وسيط _bn _2rdamedia |
||
| 338 |
_aمجلد _bnc _2rdacarrier |
||
| 650 | 7 |
_aالإسلام _xدفع مطاعن _2aucsh |
|
| 942 |
_2ddc _cBOOK _n0 |
||
| 949 |
_aSA-JeALM _d241020 _ueid123 _n1 |
||
| 999 |
_c1518 _d1518 |
||